| 000 | 00000nam 2200000za 4500 |
| 001 | 9.860776 |
| 003 | CaOODSP |
| 005 | 20221107160603 |
| 007 | cr ||||||||||| |
| 008 | 180817s2018 onca o f000 0 eng d |
| 020 | |z9780660269467 |
| 040 | |aCaOODSP|beng |
| 043 | |an-cn--- |
| 086 | 1 |aPS64-150/2018E-PDF|zPS64-151/2018 |
| 245 | 00|aBullying |h[electronic resource]. |
| 260 | |a[Ottawa] : |bRoyal Canadian Mounted Police, |cc2018. |
| 300 | |a[1] p. : |bcol. ill. |
| 500 | |aIssued also in French under title: L'intimidation. |
| 500 | |aIncorrect catalogue number (PS64-151/2018) and ISBN (978-0-660-26946-7) printed in this publication. |
| 530 | |aIssued also in print format. |
| 692 | 07|2gccst|aIntimidation |
| 692 | 07|2gccst|aPrevention |
| 710 | 2 |aRoyal Canadian Mounted Police. |
| 775 | 08|tL'intimidation |w(CaOODSP)9.860778 |
| 776 | 0#|tBullying |w(CaOODSP)9.857786 |
| 856 | 40|qPDF|s1.69 MB|uhttps://publications.gc.ca/collections/collection_2018/grc-rcmp/PS64-150-2018-eng.pdf |